Comparative Public Policy : (Record no. 595198)
[ view plain ]
| 000 -LEADER | |
|---|---|
| fixed length control field | 00854nam a22001697a 4500 |
| 020 ## - INTERNATIONAL STANDARD BOOK NUMBER | |
| International Standard Book Number | 0312004931 |
| 040 ## - CATALOGING SOURCE | |
| Transcribing agency | 0 |
| 082 ## - DEWEY DECIMAL CLASSIFICATION NUMBER | |
| Classification number | 320.6,HEI |
| 100 ## - MAIN ENTRY--PERSONAL NAME | |
| Personal name | Heidenheimer, Arnold J. |
| 9 (RLIN) | 113523 |
| 245 ## - TITLE STATEMENT | |
| Title | Comparative Public Policy : |
| Remainder of title | The Politics of Social Choice in America, Europ and Japan / |
| Statement of responsibility, etc. | Arnold J. Heidenheimer, Hugh Heclo, Carolyn Teich Adams |
| 250 ## - EDITION STATEMENT | |
| Edition statement | 3rd Edition |
| 260 ## - PUBLICATION, DISTRIBUTION, ETC. | |
| Place of publication, distribution, etc. | Lahore |
| Name of publisher, distributor, etc. | Services Book Club |
| Date of publication, distribution, etc. | 1996 |
| 300 ## - PHYSICAL DESCRIPTION | |
| Extent | xv, 415 p |
| 505 ## - FORMATTED CONTENTS NOTE | |
| Formatted contents note | The Politics of Social Choice (Page-1), Education Policy (Page-23), Health Policy (Page-57), Housing Policy (Page-97), Economic Policy (Page-132), Taxation Policy (Page-183), Income Maintenance Policy (Page-218), Urban Planning (Page-267), Environmental Policy (Page-308), Policy Contrasts in the Welfare State (Page-345). |
| 650 ## - SUBJECT ADDED ENTRY--TOPICAL TERM | |
| Topical term or geographic name entry element | Politics of Social Choice |
| 9 (RLIN) | 113524 |
| 942 ## - ADDED ENTRY ELEMENTS (KOHA) | |
| Source of classification or shelving scheme | |
| Koha item type | Book |
| Withdrawn status | Lost status | Source of classification or shelving scheme | Damaged status | Not for loan | Permanent Location | Current Location | Shelving location | Date acquired | Full call number | Barcode | Date last seen | Price effective from | Koha item type | Public note |
|---|---|---|---|---|---|---|---|---|---|---|---|---|---|---|
| Military College of Signals (MCS) | Military College of Signals (MCS) | General Stacks | 07/11/2023 | 320.6,HEI | MCS38717 | 07/11/2023 | 07/11/2023 | Book | Almirah No.49, Shelf No.4 |
